005210000a22001690004500060000800000082001400008100002000022245001700042260004600059260000900105300000800114490004300122650004900165942000700214999001900221952011100240 a100 a338.5 DOR aDortman, Robert aPrice system anewdelhi, Prentice- Hall of India Pvt Ltd c1964 a152 aFoundations of modern economics series aPrice system-macro economics/macro economics cBK c351734d351734 00104070aKAUCOAVbKAUCOAVd2014-05-02l0o338.5 DORpKAU_COAV-6205r2014-05-02 00:00:00w2014-05-02yBK